Nursing P. B. B. Sc. Solved Question Papers 1st Year: 2011 To 2024 (Record no. 357976)

MARC details
000 -LEADER
fixed length control field 00596nam a22001937a 4500
005 - DATE AND TIME OF LATEST TRANSACTION
control field 20240527121150.0
008 - FIXED-LENGTH DATA ELEMENTS--GENERAL INFORMATION
fixed length control field 240527b |||||||| |||| 00| 0 eng d
020 ## - INTERNATIONAL STANDARD BOOK NUMBER
International Standard Book Number 978-81-910464-1-0
041 ## - LANGUAGE CODE
Language code of text/sound track or separate title eng
082 ## - DEWEY DECIMAL CLASSIFICATION NUMBER
Edition number 9th
Classification number PB 610 CLE B10992
Item number CLE
100 ## - MAIN ENTRY--PERSONAL NAME
Author Clement I
245 ## - TITLE STATEMENT
Title Nursing P. B. B. Sc. Solved Question Papers 1st Year: 2011 To 2024
250 ## - EDITION STATEMENT
Edition statement 9th
260 ## - PUBLICATION, DISTRIBUTION, ETC.
Place of publication, distribution, etc. Bangalore
Name of publisher, distributor, etc. EMMESS Medical Pub.
Date of publication, distribution, etc. 2024
300 ## - PHYSICAL DESCRIPTION
Extent 1092p
Other physical details Pb
Dimensions 27X21cm
365 ## - TRADE PRICE
Price type code Rupaye
Price amount 1775.00
Currency code INR
521 ## - TARGET AUDIENCE NOTE
Target audience note 1st Year<br/>PBBSc Nursing<br/>Solved Question Papers<br/>By I Clement
942 ## - ADDED ENTRY ELEMENTS (KOHA)
Koha item type Books
Holdings
Withdrawn status Lost status Source of classification or shelving scheme Damaged status Not for loan Home library Current library Date acquired Vendor Net Price Bill number Full call number Barcode Date last seen Discount Actual Price Bill Date Koha item type Original Barcode Total Checkouts Total Renewals Date last checked out
    Dewey Decimal Classification   Reference Smt. Bakul Tambat Institute of Nursing Education Smt. Bakul Tambat Institute of Nursing Education 27/05/2024 Varad Enterprises 1775.00 11/2024-25 PB 610 CLE B10992 BTIN-BK-10992 27/05/2024 568.00 1207.00 25/05/2024 Books BTIN-BK-10992      
    Dewey Decimal Classification     Smt. Bakul Tambat Institute of Nursing Education Smt. Bakul Tambat Institute of Nursing Education 27/05/2024 Varad Enterprises 1775.00 11/2024-25 PB 610 CLE B10993 BTIN-BK-10993 10/12/2025 568.00 1207.00 25/05/2024 Books BTIN-BK-10993 6 1 27/11/2025
    Dewey Decimal Classification     Smt. Bakul Tambat Institute of Nursing Education Smt. Bakul Tambat Institute of Nursing Education 27/05/2024 Varad Enterprises 1775.00 11/2024-25 PB 610 CLE B10994 BTIN-BK-10994 03/01/2025 568.00 1207.00 25/05/2024 Books BTIN-BK-10994 3 1 19/10/2024
    Dewey Decimal Classification     Smt. Bakul Tambat Institute of Nursing Education Smt. Bakul Tambat Institute of Nursing Education 27/05/2024 Varad Enterprises 1775.00 11/2024-25 PB 610 CLE B10995 BTIN-BK-10995 27/01/2026 568.00 1207.00 25/05/2024 Books BTIN-BK-10995 5 2 12/01/2026
    Dewey Decimal Classification     Smt. Bakul Tambat Institute of Nursing Education Smt. Bakul Tambat Institute of Nursing Education 27/05/2024 Varad Enterprises 1775.00 11/2024-25 PB 610 CLE B10996 BTIN-BK-10996 30/12/2024 568.00 1207.00 25/05/2024 Books BTIN-BK-10996 3   16/12/2024